000 00590nam a2200241Ia 4500
003 OSt
005 20220912153117.0
006 a|||||r|||| 00| 0
007 ta
008 220909b |||||||| |||| 00| 0 eng d
024 _a20961
037 _cTextual
040 _aCSL
_beng
_cCSL
041 _aeng
082 _aB282, L2
100 _aOrd J K
245 0 _aFamilies of frequency distributions
260 _c1972
300 _ap.
_ccm.
490 _aGriffin's statistical monographs and courses
942 _hB282, L2
_cTEXL
_2CC
999 _c98154
_d98154